000
00278nam a22001337a 4500
999
_c
54973
_d
54973
008
200203b ||||| |||| 00| 0 eng d
041
_a
eng
080
_a
043.3
082
_2
043.3
100
_a
0
101
_a
BTH
245
_a
Qendra Tregtare
_c
Kryeziu,D
942
_2
udc
_c
BK